000 00641nam a2200241Ia 4500
003 OSt
005 20220928121947.0
006 a|||||r|||| 00| 0
007 ta
008 220927b |||||||| |||| 00| 0 eng d
024 _a27361
037 _cTextual
040 _aSDCL
_cSDCL
_beng
041 _2eng
_aeng
082 _aX9, N9
100 _aMartin Stephen
_9455034
245 0 _aIndustrial economics
_b Economic analysis and public policy
250 _a2
260 _aNew Jersey
_bPrentice Hall
_c1999
300 _axiii,623p
_ccm.
942 _hX9, N9
_cTEXL
_2CC
999 _c768722
_d768722